LIBRARY & INFORMATION CENTRE, KCAET, TAVANUR

ONLINE PUBLIC ACCESS CATALOGUE (OPAC)

Optimization of process parameters for vacuum drying of ripe jackfruite bult (Artocarpus heterophyllus L.) (Record no. 14971)

MARC details
000 -LEADER
fixed length control field 00785nam a22001817a 4500
003 - CONTROL NUMBER IDENTIFIER
control field OSt
088 ## - REPORT NUMBER
Report number T 318
100 ## - MAIN ENTRY--AUTHOR NAME
Personal name PADMAVATHI D
245 ## - TITLE STATEMENT
Title Optimization of process parameters for vacuum drying of ripe jackfruite bult (Artocarpus heterophyllus L.)
260 ## - PUBLICATION, DISTRIBUTION, ETC. (IMPRINT)
Place of publication Tavanur 2015
Name of publisher Department of Food and Agricultural Process Engineering
300 ## - PHYSICAL DESCRIPTION
Number of Pages 132
500 ## - GENERAL NOTE
General note Optimization of process parameters for vacuum drying of ripe jackfruite bult (Artocarpus heterophyllus L.)
520 ## - SUMMARY, ETC.
Summary, etc Optimization of process parameters for vacuum drying of ripe jackfruite bult (Artocarpus heterophyllus L.)
700 ## - ADDED ENTRY--PERSONAL NAME
Personal name Dr. Santhi Mary Mathew (Guide)
856 ## - ELECTRONIC LOCATION AND ACCESS
Uniform Resource Identifier https://drive.google.com/open?id=11qUFdpr52UuvXoWuR_PpPL3KDv04g583
942 ## - ADDED ENTRY ELEMENTS (KOHA)
Koha item type Theses
Holdings
Collection code Home library Current library Shelving location Full call number Accession Number Koha item type Public note
Reference KAUAET KAUAET Reference 664 PAD/OP T 318 Theses M.Tech Thesis
free website counter